Statistiques concernant Liste des Alls Stars 2020-2021

Cliquez ici pour prendre le quiz!

Statistiques générales

  • Ce quiz a été pris 114 fois
    (94 depuis la dernière actualisation)
  • Le résultat moyen est 29 sur 48

Statistiques - réponses

Réponse% Correct
Stephen Curry
95%
James Harden
92%
James Harden
92%
LeBron James
92%
LeBron James
92%
Nikola Jokić
81%
Nikola Jokić
81%
Russell Westbrook
80%
Kyrie Irving
78%
Luka Dončić
78%
Luka Dončić
78%
Anthony Davis
76%
Giánnis Antetokoúnmpo
75%
Giánnis Antetokoúnmpo
75%
Joel Embiid
75%
Rudy Gobert
75%
Rudy Gobert
75%
Chris Paul
73%
Chris Paul
73%
Damian Lillard
73%
Devin Booker
73%
Trae Young
71%
Kawhi Leonard
68%
Kawhi Leonard
68%
Jayson Tatum
67%
Jayson Tatum
67%
Paul George
66%
Donovan Mitchell
59%
Donovan Mitchell
59%
Jaylen Brown
59%
Jimmy Butler
59%
Bradley Beal
53%
Zach LaVine
52%
Khris Middleton
44%
Zion Williamson
43%
Ben Simmons
38%
Domantas Sabonis
38%
Domatas Sabonis
38%
Bam Adebayo
37%
Kyle Lowry
35%
Pascal Siakam
33%
Julius Randle
28%
Nikola Vučević
28%
Brandon Ingram
25%
Kemba Walker
24%
Mike Conley, Jr.
18%
Chicago
16%
Atlanta
14%

Distribution des résultats

Percentile par nombre de réponses

% des personnes avec chaque résultat

Votre développement - résultats

Vous n’avez pas pris ce quiz depuis la dernière actualisation